000 00459nam a2200169 a 4500
001 6037
003 CO-ViMGA
008 141112s2004 ck r 000 u spa d
040 _aCO-ViMGA
_bspa
_cCO-ViMGA
082 0 4 _a923.1 H476b
100 1 _aBehr, Edward
_94642
245 1 0 _aHirohito :
_bel emperador desconocido
260 _aBarcelona :
_bEmece Editores,
_c1993
300 _a398 p
650 1 4 _aHIROHITO MICHI NO MIYA 1901 - 1989
_94643
942 _2ddc
_cBK
999 _c18011
_d18011